Statystyki dla Rozpoznaj miasto po tablicy rejestracyjnej woj. podlaskie

Kliknij tutaj aby rozwiązać quiz!

Ogólne statystyki

  • Ten quiz został rozwiązany 254 razy
  • Średni wynik to 11 z 17

Statystyki odpowiedzi

RejestracjaMiasto / powiatOdpowiedź% Poprawnych
BIMiastoBiałystok
96%
BSMiastoSuwałki
87%
BAUpowiataugustowski
79%
BLMiastoŁomża
79%
BIApowiatbiałostocki
76%
BHApowiathajnowski
71%
BSUpowiatsuwalski
69%
BZApowiatzambrowski
67%
BGRpowiatgrajewski
66%
BLMpowiatłomżyński
63%
BBIpowiatbielski
61%
BWMpowiatwysokomazowiecki
57%
BMNpowiatmoniecki
54%
BSIpowiatsiemiatycki
54%
BSKpowiatsokólski
54%
BSEpowiatsejneński
44%
BKLpowiatkolneński
42%

Rozkład punktacji

Percentyl według liczby udzielonych odpowiedzi

Procent ludzi z każdym wynikiem

Twoja historia wyników

Nie rozwiązałeś tego quizu